Paroles - Ceux qu'on était - Pierre Garnier - Statistiques

Statistiques générales
  • Ce quiz a été pris 6 131 fois
  • Le résultat moyen est 213 sur 258
Statistiques - réponses
Paroles % Correct
ce
99%
à
98%
a
98%
de
97%
De
97%
et
97%
Et
97%
Je
97%
je
97%
que
96%
le
94%
pas
94%
Pas
94%
qu'on
94%
était
93%
tu
93%
sais
92%
garder
91%
meilleur
91%
vas
89%
ne
88%
donné
87%
donné,
87%
j'ai
87%
c'est
86%
chercher
86%
ceux
85%
moi
85%
peu
85%
t'ai
85%
Un
85%
un
85%
ça
84%
dire,
84%
te
84%
cause
81%
si
78%
vais
78%
J'aimerais
77%
t'iras
77%
c'que
75%
partir,
75%
tout
75%
déjà
73%
Mais
73%
t'es
73%
est
72%
grave
72%
prête
72%
qu'ailleurs
72%
affaires
70%
fois
70%
la
70%
Y
70%
plus
69%
dernier
68%
comme
67%
67%
rangé
67%
retenir,
67%
celui
66%
t'en
66%
se
65%
souvenir,
65%
fait
63%
trop
63%
J'vais
61%
j'l'ai
59%
qu'des
59%
n'veux
57%
aimé,
55%
celui-là
55%
les
54%
au
52%
nous
52%
même
50%
dans
49%
bien
47%
On
47%
pour
47%
quand
47%
revoir
47%
l'or
46%
mains
46%
dernière
45%
T'avais
42%
regarde,
41%
recommencer,
36%
rien
36%
sans
36%
peut-être
35%
s'passait
35%
crois
34%
parler,
34%
fallait
33%
S'il
32%
n'changerais
27%
Aucun quiz correspondant
Distribution des résultats
% des personnes avec chaque résultat
Percentile par nombre de réponses
Votre historique - résultats
Vous n’avez pas pris ce quiz